LEADER 00973nam a2200289 i 4500 001 991004069619707536 008 030318s1999 enka b 001 0 eng d 020 $a0521591937 035 $ab11906583-39ule_inst 040 $aDip.to Matematica$beng 082 0 $a516$221 084 $aAMS 51-XX 084 $aLC QA445.B688 100 1 $aBrannan, David A.$0532850 245 10$aGeometry /$cDavid A. Brannan, Matthew F. Esplen, Jeremy J. Gray 260 $aCambridge :$bCambridge University Press,$cc1999 300 $axi, 497 p. :$bill. ;$c26 cm 500 $aIncludes index. 650 0$aGeometry 700 1 $aEsplen, Matthew F. 700 1 $aGray, Jeremy J. 907 $a.b11906583$b21-09-06$c18-03-03 912 $a991004069619707536 945 $aLE013 51-XX BRA11 (1999)$g1$i2013000137452$lle013$op$pE98.40$q-$rl$s- $t0$u3$v0$w3$x0$y.i12498075$z09-04-03 996 $aGeometry$9914057 997 $aUNISALENTO 998 $ale013$b18-03-03$cm$da $e-$feng$genk$h0$i1 LEADER 01096nam a2200289 i 4500 001 991000403989707536 005 20020509170015.0 008 000413s1970 it ||| | ita 035 $ab11352371-39ule_inst 035 $aPARLA207440$9ExL 040 $aDip.to Scienze Storiche Fil. e Geogr.$bita 082 0 $a321.84 100 1 $aLenin, Nikolaj$0444392 245 10$aStato e rivoluzione :$bla dottrina marxista dello Stato e i compiti del proletariato nella rivoluzione /$cVladimir Ilic Lenin ; a cura di Valentino Gerratana 250 $a2. ed 260 $aRoma :$bEditori riuniti,$c1970 300 $a207 p. ;$c19 cm. 440 3$aLe ideeriuniti ;$v1 500 $aTit. orig.: Gosudarstvo i revolucija. 650 4$aStato$xConcezione marxista 700 1 $aGerratana, Valentino 907 $a.b11352371$b21-09-06$c01-07-02 912 $a991000403989707536 945 $aLE009 STOR.80-101$g1$i2316$lle009$o-$pE0.00$q-$rl$s- $t0$u0$v0$w0$x0$y.i11528928$z01-07-02 996 $aStato e rivoluzione$9825262 997 $aUNISALENTO 998 $ale009$b01-01-00$cm$da $e-$fita$git $h0$i1